[Event "Santa Maria SMXC Cup-B 6th"]
[Site "Santa Maria de Jetiba"]
[Date "2020.03.31"]
[Round "8"]
[White "Ethur, Felipe Batista"]
[Black "Carrier, Pedro Correa"]
[Result "1/2-1/2"]
[WhiteElo "1796"]
[BlackElo "1860"]
[PlyCount "208"]
[EventDate "2019.12.21"]
[EventType "tourn"]
[EventRounds "14"]
[EventCountry "BRA"]
[SourceTitle "EXT 2022"]
[Source "ChessBase"]
[SourceDate "2021.10.06"]
[SourceVersion "1"]
[SourceVersionDate "2021.10.06"]
[SourceQuality "1"]

1. d4 Nf6 2. c4 e6 3. Nc3 d5 4. Bg5 dxc4 5. e3 b6 6. Bxc4 Bb7 7. Nf3 Be7 8. 0-0 0-0 9. Rc1 Nbd7 10. Be2 c5 11. Qc2 Nd5 12. Bxe7 Qxe7 13. a3 Rac8 14. Qa4 a5 15. Bb5 N7f6 16. Ne5 Rc7 17. Nxd5 Bxd5 18. Nc4 Bxc4 19. Rxc4 Rfc8 20. dxc5 Rxc5 21. Rfc1 Rxc4 22. Rxc4 Rxc4 23. Qxc4 Qc5 24. Qxc5 bxc5 25. Kf1 Kf8 26. Ke2 Ke7 27. f3 Kd6 28. Kd3 Nd5 29. g3 g5 30. Be8 f6 31. e4 Nb6 32. Bb5 Ke5 33. b3 h6 34. Ke3 f5 35. f4+ gxf4+ 36. gxf4+ Kf6 37. exf5 exf5 38. Kf3 Kg6 39. Be8+ Kf6 40. Bb5 Kg6 41. Be8+ Kf6 42. a4 Kg7 43. Bc6 Kf6 44. Ke3 Ke6 45. Kd3 Kd6 46. Bf3 c4+ 47. Kc3 cxb3 48. Kxb3 Kc5 49. Bd1 Kd4 50. Bc2 Ke3 51. Bxf5 Kxf4 52. Be6 h5 53. h3 Kg3 54. Bf7 h4 55. Be6 Kh2 56. Bg4 Kg3 57. Be6 Kf4 58. Bf7 Nd7 59. Be8 Ne5 60. Bb5 Kg3 61. Bf1 Nf3 62. Kc3 Nh2 63. Ba6 Kxh3 64. Kc4 Kg3 65. Bc8 Ng4 66. Bb7 h3 67. Kb5 Ne3 68. Bh1 Ng2 69. Kxa5 Kh2 70. Kb6 Kxh1 71. a5 Kg1 72. a6 h2 73. a7 h1Q 74. a8Q Qh6+ 75. Qc6 Qd2 76. Qc5+ Ne3 77. Qg5+ Kf2 78. Qf4+ Ke1 79. Qg3+ Kd1 80. Qf3+ Kc1 81. Qc6+ Nc2 82. Qh1+ Kb2 83. Qc6 Nd4 84. Qd6 Qc3 85. Qc5 Qb3+ 86. Ka6 Qa4+ 87. Kb7 Kb3 88. Qd5+ Kc3 89. Qc5+ Kd3 90. Qb6 Ke4 91. Qg6+ Kd5 92. Qf7+ Kd6 93. Qc7+ Kd5 94. Qd8+ Ke5 95. Qc7+ Kf6 96. Qf4+ Ke7 97. Qc7+ Ke6 98. Qb6+ Kd5 99. Qd8+ Ke5 100. Qc7+ Kf6 101. Qf4+ Ke6 102. Qe4+ Kd6 103. Qf4+ Kc5 104. Qe5+ Kc4 1/2-1/2

[Event "Santa Maria SMXC Cup-B 6th"]
[Site "Santa Maria de Jetiba"]
[Date "2020.02.15"]
[Round "5"]
[White "Carrier, Pedro Correa"]
[Black "Moritz, Diego Homrich"]
[Result "0-1"]
[WhiteElo "1860"]
[BlackElo "2042"]
[PlyCount "72"]
[EventDate "2019.12.21"]
[EventType "tourn"]
[EventRounds "14"]
[EventCountry "BRA"]
[SourceTitle "EXT 2021"]
[Source "ChessBase"]
[SourceDate "2020.10.23"]
[SourceVersion "1"]
[SourceVersionDate "2020.10.23"]
[SourceQuality "1"]

1. d4 d5 2. c4 e6 3. Nc3 Nf6 4. Nf3 Be7 5. Bg5 Nbd7 6. e3 h6 7. Bh4 0-0 8. Be2 b6 9. 0-0 Bb7 10. Rc1 Rc8 11. a3 c5 12. Qb3 cxd4 13. Nxd4 Nc5 14. Qa2 Nce4 15. Nxe4 Nxe4 16. Bxe7 Qxe7 17. b4 dxc4 18. Bxc4 Kh8 19. Bd3 Bd5 20. Qb2 Qg5 21. Rxc8 Rxc8 22. Rc1 Rxc1+ 23. Qxc1 g6 24. Qc8+ Kg7 25. Qc7 Nd2 26. Qg3 Qd8 27. Qe5+ Kg8 28. Nb5 Bxg2 29. Kxg2 Qxd3 30. Qb8+ Kh7 31. Qb7 Qf1+ 32. Kg3 Qg1+ 33. Qg2 Ne4+ 34. Kf3 Qd1+ 35. Kf4 g5+ 36. Ke5 Qd5# 0-1